000 00586nam a2200193Ia 4500
005 20250508154821.0
008 008 250505s9999 xx 000 0 eng d
037 _aTextual
040 _aFEDL
_beng
_cFEDL
041 _aeng
_2eng
084 _a820, WES
_qFEDL
100 _aWesker Arnold
245 0 _aWesker trilogy: Chicken soup with barley roots I'm talking about jerusalem
260 _aLondon, UK
_bLongmans, Green and Co.
_c1960
300 _avii,263p
490 _aThe Heritage of literature series
942 _cTEXL
_h820, WES
999 _c1352293
_d1352293